ბათუმის შოთა რუსთაველის სახელმწიფო უნივერსიტეტის ბიბლიოთეკა

თხზულებანი (ბიბ.ჩანაწერი № 48414)

000 -LEADER
fixed length control field 00863nam a2200217Ia 4500
001 - CONTROL NUMBER
control field 15306
003 - CONTROL NUMBER IDENTIFIER
control field GE_BSU
008 - FIXED-LENGTH DATA ELEMENTS--GENERAL INFORMATION
fixed length control field 181216s||||||||xx |||||||||||||| ||und||
040 ## - CATALOGING SOURCE
Transcribing agency GE_BSU
080 ## - UNIVERSAL DECIMAL CLASSIFICATION NUMBER
Universal Decimal Classification number 821.353.1
100 ## - MAIN ENTRY--PERSONAL NAME
Personal name ყაზბეგი, ალექსანდრე
245 ## - TITLE STATEMENT
Title თხზულებანი
245 ## - TITLE STATEMENT
Statement of responsibility, etc. შემდგ.ზ.აბესაძე. წინასიტყვ. ავტ.თ.ჭილაძე.რედ. ი.შაიშმელაშვილ.მხატვ. ო.ქოჩაკიძე. ა. სლოვინსკი. ი. ჩიკვაიძე
260 ## - PUBLICATION, DISTRIBUTION, ETC.
Place of publication, distribution, etc. თბილისი
260 ## - PUBLICATION, DISTRIBUTION, ETC.
Name of publisher, distributor, etc. საბჭოთა საქართველო
260 ## - PUBLICATION, DISTRIBUTION, ETC.
Date of publication, distribution, etc. 1985
300 ## - PHYSICAL DESCRIPTION
Extent 797გვ.22სმ.
300 ## - PHYSICAL DESCRIPTION
Accompanying material 1ფ.პორტრ.
653 ## - INDEX TERM--UNCONTROLLED
Uncontrolled term თხზულებანი
942 ## - ADDED ENTRY ELEMENTS (KOHA)
Koha item type წიგნი
ეგზემპლარები
Withdrawn status Lost status Damaged status Not for loan Date acquired Barcode Date last seen Price effective from Koha item type
        2018-12-17 37945 2018-12-17 2018-12-17 წიგნი
        2018-12-17 37946 2018-12-17 2018-12-17 წიგნი
        2018-12-17 37947 2018-12-17 2018-12-17 წიგნი
        2018-12-17 37948 2018-12-17 2018-12-17 წიგნი